书目信息 |
| 题名: |
声光器件的原理 设计和应用
|
|
| 作者: | 徐介平 著 | |
| 分册: | ||
| 出版信息: | 北京 科学出版社 1982.12 |
|
| 页数: | 363页 | |
| 开本: | 32开 | |
| 丛书名: | ||
| 单 册: | ||
| 中图分类: | O429:O439 | |
| 科图分类: | ||
| 主题词: | 声学 | |
| 电子资源: | ||
| ISBN: | ||
| 000 | 00557nam0 2200193 45 | |
| 001 | 0006201698 | |
| 005 | 20000620164845.4 | |
| 010 | @d2.20元 | |
| 100 | @a20000620d1982 km y0chiy0120 ea | |
| 101 | 0 | @achi |
| 105 | @a z 000yy | |
| 200 | 1 | @a声光器件的原理 设计和应用@ASheng Guang Qi Jian De Yuan Li She Ji He Ying Yong@f徐介平著@FXu Jie Ping Zhu |
| 210 | @a北京@c科学出版社@d1982.12 | |
| 215 | @a363页@d32开 | |
| 606 | 0 | @a声学 |
| 690 | @aO429:O439@v3 | |
| 701 | 0 | @a徐介平@4著 |
| 801 | @aCN@bPftUser@c20000620 | |
| 905 | @b209579-580@dO429:O439@eX061@f2 | |
| 声光器件的原理 设计和应用/徐介平著.-北京:科学出版社,1982.12 |
| 363页;32开 |
| ISBN :2.20元 |
| ● |
| 相关链接 |
|
|
|
正题名:声光器件的原理设计和应用
索取号:O429:O439/X061
 
预约/预借
| 序号 | 登录号 | 条形码 | 馆藏地/架位号 | 状态 | 备注 |
| 1 | 209579 | 202095794 | 自科库401/401自科库 88排1列4层/ [索取号:O429:O439/X061] | 在馆 |